000 00352nam a2200133Ia 4500
008 240624s9999 xx 000 0 und d
041 _aeng
082 _a332.1 FIT
100 _aFITZSIMMONS ANTHONY
245 _aRETHINKING REPUTATIONAL RISK HOW TO MANA
260 _c2017
_aNew Delhi
_bKogan Page
300 _axix, 315 p.; 23 cm.
365 _cBPS
_b30
999 _c29993
_d29993